000
00397nam a2200169Ia 4500
008
090711s9999 xx 000 0 und d
082
_b
8539
100
_a
शहा नलिनी
245
_a
मळभ
260
_c
1959
300
_a
104
600
_a
शहा नलिनी
630
_a
मळभ
700
_a
शहा नलिनी
730
_a
मळभ
942
_c
BOOK
999
_c
306737
_d
306737